Forms, tools and new trends of public relations in social work

Public relations predstavujú systematickú a dlhodobú obojstrannú komunikáciu s verejnosťou, diferencovanú vzhľadom na presne vymezené externé aj interné publikum. K naplneniu svojich cieľov public relations využíva širokú paletu komunikačných prostriedkov, metód a postupov. Príspevok sa zaoberá ich...

Celý popis

Uložené v:
Podrobná bibliografia
Hlavný autor: Betáková, Janka
Ďalší autori: Otrubčák, Peter
Médium: Kapitola
Jazyk:English
Predmet:
Tagy: Pridať tag
Žiadne tagy, Buďte prvý, kto otaguje tento záznam!

MARC

LEADER 00000nla$a2200000$$$4500
001 0133989
005 20220316113712.0
041 0 |a eng 
044 |a SK 
245 1 0 |a Forms, tools and new trends of public relations in social work  |c Janka Betáková, Peter Otrubčák 
520 |a Public relations predstavujú systematickú a dlhodobú obojstrannú komunikáciu s verejnosťou, diferencovanú vzhľadom na presne vymezené externé aj interné publikum. K naplneniu svojich cieľov public relations využíva širokú paletu komunikačných prostriedkov, metód a postupov. Príspevok sa zaoberá ich teoretickými východiskami a implementáciou v podmienkach sociálnej práce. 
610 2 0 |a práca s verejnosťou 
610 2 0 |a komunikácia 
610 2 0 |a manažment 
610 2 0 |a práca sociálna 
100 1 |a Betáková, Janka 
700 1 |a Otrubčák, Peter